the age of stonehenge (Record no. 7157)

MARC details
000 -LEADER
fixed length control field 00806nam a2200205Ia 4500
003 - CONTROL NUMBER IDENTIFIER
control field IN-BaIIA
008 - FIXED-LENGTH DATA ELEMENTS--GENERAL INFORMATION
fixed length control field 211028s9999 xx 000 0 eng d
020 ## - INTERNATIONAL STANDARD BOOK NUMBER
International Standard Book Number 0-460-04254-8
040 ## - CATALOGING SOURCE
Transcribing agency IIA Library
080 ## - UNIVERSAL DECIMAL CLASSIFICATION NUMBER
Universal Decimal Classification number 52(091)
Item number BUR
111 ## - MAIN ENTRY--MEETING NAME
Meeting name or jurisdiction name as entry element Einstein Centennial Celebration Science Symposium
Location of meeting Carbondale
Date of meeting or treaty signing 1979 Feb 23-Mar 2
9 (RLIN) 12274
245 #4 - TITLE STATEMENT
Title the age of stonehenge
Remainder of title proceedings of Einstein centennial celebration science Symposium held at Carbondale, February 23 - March 2, 1979
Statement of responsibility, etc. edited by Colin Burgess and Richard S Millman
260 ## - PUBLICATION, DISTRIBUTION, ETC.
Place of publication, distribution, etc. London
Name of publisher, distributor, etc. J. M. Dent & Sons
Date of publication, distribution, etc. 1980
300 ## - PHYSICAL DESCRIPTION
Extent 402p.
650 ## - SUBJECT ADDED ENTRY--TOPICAL TERM
Topical term or geographic name entry element Astronomy and Astrophysics thesaurus
650 ## - SUBJECT ADDED ENTRY--TOPICAL TERM
Topical term or geographic name entry element History of Astronomy stonehenge
9 (RLIN) 12275
700 ## - ADDED ENTRY--PERSONAL NAME
Personal name Burgess, Colin., ed.
9 (RLIN) 12276
700 ## - ADDED ENTRY--PERSONAL NAME
Personal name Millman, Richard S., ed.
9 (RLIN) 12277
942 ## - ADDED ENTRY ELEMENTS (KOHA)
Koha item type Books
Holdings
Withdrawn status Lost status Damaged status Not for loan Home library Current library Shelving location Date acquired Total Checkouts Full call number Barcode Date last seen Price effective from Koha item type Purchase Price
        IIA Library-Bangalore IIA Library-Bangalore General Stacks 10/09/1982   52(091)/ BUR 7952 05/11/2021 10/09/1982 Books £ 31.20

Powered by Koha